El engranaje / (Record no. 50614)
[ view plain ]
| 000 -LEADER | |
|---|---|
| fixed length control field | 00593nam a22001937a 4500 |
| 008 - FIXED-LENGTH DATA ELEMENTS--GENERAL INFORMATION | |
| fixed length control field | 140324t ag||||| |||| 00| 0 spa d |
| 020 ## - INTERNATIONAL STANDARD BOOK NUMBER | |
| International Standard Book Number | 950030631x |
| 050 04 - LIBRARY OF CONGRESS CALL NUMBER | |
| Classification number | PQ2637 .A78 |
| Item number | E54 2004 |
| 100 1# - MAIN ENTRY--PERSONAL NAME | |
| Personal name | Sartre, Jean-Paul, |
| Dates associated with a name | 1905-1980 |
| 245 13 - TITLE STATEMENT | |
| Title | El engranaje / |
| Statement of responsibility, etc | Jean-Paul Sartre ; tr. Raúl Navarro |
| 250 ## - EDITION STATEMENT | |
| Edition statement | 1a ed. |
| 300 ## - PHYSICAL DESCRIPTION | |
| Extent | 167 p. ; |
| Dimensions | 18 cm. |
| 490 #0 - SERIES STATEMENT | |
| Series statement | Narrativa. Losada |
| 500 ## - GENERAL NOTE | |
| General note | Traducción de: l'engrenage |
| 504 ## - BIBLIOGRAPHY, ETC. NOTE | |
| Bibliography, etc | Incluye bibliografias e índice |
| 650 #7 - SUBJECT ADDED ENTRY--TOPICAL TERM | |
| Source of heading or term | LEMB |
| Topical term or geographic name as entry element | Literatura |
| General subdivision | Literatura Francesa |
| Geographic subdivision | Francia |
| 700 1# - ADDED ENTRY--PERSONAL NAME | |
| Personal name | Navarro, Raul, tr. |
| 942 ## - ADDED ENTRY ELEMENTS (KOHA) | |
| Source of classification or shelving scheme | Clasificación Decimal Dewey |
| Koha item type | Libro |
| Estado de pérdida | Fuente de clasificación | Estado del daño | No para préstamo | Ubicación permanente | Ubicación actual | Apartado o colección | Fecha de adquisición | Fuente de adquisición | Área del conocimiento | Clasificación | Código de Barras | Date last seen | Número de copia | Tipo de recurso | Total Checkouts | Total Renewals | Date checked out |
|---|---|---|---|---|---|---|---|---|---|---|---|---|---|---|---|---|---|
| Biblioteca del Cogreso de los Estados Unidos | Biblioteca de la Facultad de Filosofía | Biblioteca de la Facultad de Filosofía | General | 24/03/2014 | PQ2637 .A78 E54 2004 | BFF000006115 | 24/03/2014 | C:1 | Libro | ||||||||
| Biblioteca del Cogreso de los Estados Unidos | Biblioteca de la Facultad de Filosofía | Biblioteca de la Facultad de Filosofía | General | 24/03/2014 | PQ2637 .A78 E54 2004 | BFF000006116 | 20/03/2025 | C:2 | Libro | 2 | 1 | 04/03/2025 |